000 00597nam a2200229 a 4500
999 _c4216
_d4216
001 4216
003 BD-JhCC
005 20171128100330.0
008 171125s1974 e a|||| || | 001 0 eng d
035 _a(BD-JhCC)4216
040 _aBD-JhCC
_dBD-JhCC
041 _aeng
082 _a623.8205
_bCOG 1974
100 _aCoggins, Jack
245 _aPrepare to Dive /
_cJack Coggins,
260 _aGreat Britain :
_bWhitstable Litho, Straker Brothers Ltd,
_c1974
300 _a128 p. :
_c24 cm.
650 _aUnder Water Exploration
650 _aDeep Diving
942 _2ddc
_cBK